Peter F. Drucker (1909-2005)

Stručný životopis najvýznamnejšieho predstaviteľa moderného svetového managementu, učiteľa a autora desiatok kníh, Petra F. Druckera.

Guardado en:
Detalles Bibliográficos
Formato: Capítulo de libro
Lenguaje:checo
Materias:
Etiquetas: Agregar Etiqueta
Sin Etiquetas, Sea el primero en etiquetar este registro!

MARC

LEADER 00000naa$a2200000$$$4500
001 0038818
005 20231107103414.2
041 0 |a cze 
044 |a CZ 
245 1 0 |a Peter F. Drucker (1909-2005) 
520 |a Stručný životopis najvýznamnejšieho predstaviteľa moderného svetového managementu, učiteľa a autora desiatok kníh, Petra F. Druckera. 
610 2 0 |a osobnosť 
610 2 0 |a Drucker, P. 
610 2 0 |a životopisy 
610 2 0 |a manažment